000
00234nam a22000857a 4500
008
160720b xxu||||| |||| 00| 0 eng d
100
_9
3077
_a
Ramchandran K
245
_a
Composite Mathematics-VIII
260
_a
New Delhi
_b
APC Publication
_c
2009
999
_c
2640
_d
2640